Mzdová regulácia v roku 1992 v podnikateľskej, rozpočtovej a príspevkovej sfére

Uložené v:
Podrobná bibliografia
Médium: Kniha
Jazyk:Slovak
Vydavateľské údaje: Bratislava Epos 1992
Vydanie:1. vyd.
Predmet:
Tagy: Pridať tag
Žiadne tagy, Buďte prvý, kto otaguje tento záznam!

MARC

LEADER 00000nam a2200000 4500
001 c001453
005 20221214091837.0
041 0 |a slo 
044 |a SK 
245 1 0 |a Mzdová regulácia v roku 1992 v podnikateľskej, rozpočtovej a príspevkovej sfére 
250 |a 1. vyd. 
264 1 |a Bratislava  |b Epos  |c 1992 
300 |a 104 s. 
610 2 0 |a regulácia miezd 
610 2 0 |a ČSFR 
610 2 0 |a 1992 
610 2 0 |a podnik štátny 
610 2 0 |a podnik súkromný 
610 2 0 |a organizácie príspevkové 
610 2 0 |a organizácie rozpočtové